[Event "Oberbayern Bezirksliga 1718"]
[Site "Germany"]
[Date "2017.12.10"]
[Round "4.6"]
[White "Woerl, Alexander"]
[Black "Baron, Marek"]
[Result "1/2-1/2"]
[WhiteElo "2019"]
[BlackElo "1891"]
[PlyCount "107"]
[EventDate "2017.10.22"]
[EventType "team-tourn"]
[EventRounds "9"]
[EventCountry "GER"]
[SourceTitle "EXT 2019"]
[Source "ChessBase"]
[SourceDate "2018.10.10"]
[SourceVersion "1"]
[SourceVersionDate "2018.10.10"]
[SourceQuality "1"]
[WhiteTeam "Gauting"]
[BlackTeam "Waldkraiburg"]
[WhiteTeamCountry "GER"]
[BlackTeamCountry "GER"]

1. e4 c6 2. d4 d5 3. Nd2 dxe4 4. Nxe4 Nf6 5. Nxf6+ exf6 6. Bf4 Bd6 7. Qd2 Bxf4 8. Qxf4 Qa5+ 9. c3 0-0 10. Bd3 Re8+ 11. Ne2 Qg5 12. Qxg5 fxg5 13. Kd2 Be6 14. Ng3 Nd7 15. Ne4 h6 16. Nd6 Reb8 17. b3 Nf6 18. f3 Ne8 19. Nxe8 Rxe8 20. Rhe1 Kf8 21. Re5 Bd7 22. Rae1 Rxe5 23. Rxe5 Re8 24. Rxe8+ Kxe8 25. Ke3 Ke7 26. Bc4 f5 27. g3 Kd6 28. Bg8 b6 29. Kd3 Be8 30. Ke3 Bd7 31. Bc4 Bc8 32. Bd3 Be6 33. Be2 Bd7 34. Bc4 Bc8 35. Bf7 Bd7 36. Bc4 Bc8 37. Bf1 Be6 38. Bd3 Bd7 39. Be2 Be6 40. g4 fxg4 41. fxg4 Bd7 42. h3 Be6 43. Bf3 Bd7 44. Be4 Be6 45. c4 Bf7 46. Bf5 Be8 47. Bb1 Bf7 48. Be4 Be8 49. Kd3 Bf7 50. Kc3 Be6 51. Bg6 Bd7 52. Kd3 Be6 53. Ke4 Bg8 54. Kd3 1/2-1/2